Southville International School and Colleges

The five people you meet in heaven / (Record no. 368471)

000 -LEADER
fixed length control field 00685nam a22001937a 4500
003 - CONTROL NUMBER IDENTIFIER
control field 0
005 - DATE AND TIME OF LATEST TRANSACTION
control field 20251106112706.0
008 - FIXED-LENGTH DATA ELEMENTS--GENERAL INFORMATION
fixed length control field 251106b xxu||||| |||| 00| 0 eng d
020 ## - INTERNATIONAL STANDARD BOOK NUMBER
International Standard Book Number 978-1-4013-9803-3
050 ## - LIBRARY OF CONGRESS CALL NUMBER
Classification number PS 3561.L285
Item number .A339 F58 2004
100 ## - MAIN ENTRY--PERSONAL NAME
Personal name Albom, Mitch,
Relator term author.
245 ## - TITLE STATEMENT
Title The five people you meet in heaven /
Statement of responsibility, etc Mitch Albom.
260 ## - PUBLICATION, DISTRIBUTION, ETC. (IMPRINT)
Place of publication, distribution, etc New York :
Name of publisher, distributor, etc Hachette Books,
Date of publication, distribution, etc 2004.
300 ## - PHYSICAL DESCRIPTION
Extent 196 pages ;
Dimensions 18 cm.
520 ## - SUMMARY, ETC.
Summary, etc On his 83rd birthday, Eddie dies in an accident and finds himself in heaven, where he meets five people who explain the meaning of his life.
650 ## - SUBJECT ADDED ENTRY--TOPICAL TERM
Topical term or geographic name as entry element Future life
Form subdivision Fiction.
650 ## - SUBJECT ADDED ENTRY--TOPICAL TERM
Topical term or geographic name as entry element Redemption
Form subdivision Fiction.
942 ## - ADDED ENTRY ELEMENTS (KOHA)
Source of classification or shelving scheme
Koha item type Books
Holdings
Lost status Shelving location Withdrawn status Sub Shelving location Source of classification or shelving scheme Koha item type Source of acquisition Permanent Location Full call number Barcode Date acquired Date last seen Damaged status Current Location Price effective from
 Fiction Section   BooksLibrary FundLuxembourg LibraryPS 3561.L285 .A339 F58 2004214762024-11-192025-11-06 Luxembourg Library2025-11-06
Powered by Koha